000 00533nam a22001817a 4500
003 UA-OsUOA
001 7269
007 ta
008 20040608b un ||||| |||| 00| 0 ukr d
100 _aМикульський В.
942 _cSA
040 _aUA-OsUOA
_cUA-OsUOA
_dUA-OsUOA
245 _aУкраїнський Гоголь
_cВ. Микульський; Віктор Баранов
300 _aС.4
955 _a0
773 0 _w0
_tЛітературна Украіна
_dКиїв
_d2004
_g№21
650 7 _aГоголь М.
_2UDC
999 _c293430
_d293430